000 00490nam a2200193Ia 4500
005 20260429112225.0
008 260429s9999||||xx |||||||||||||| ||und||
020 _a9789392785368
041 _aEnglish
082 _a547
_bJAI
100 _aJain, Akshay
245 0 _aOrganic chemistry /
_cAkshay Jain
250 _a1st ed.
260 _aNew Delhi :
_bBest Publishing House,
_c2024.
300 _aix, 238 p.; hb
650 _a Organic chemistry
650 _aChemistry
942 _cTB
999 _c52982
_d52982